Holiday Quiz

Random Holiday or Carol Quiz

Figure Out the Christmas Carol Lyrics Quiz Stats

Quiz Updated Jul 14, 2017

Challenge
Share
Tweet
Embed
Score 0/154 Timer 05:00
0 Plays Today
% Correct
The
96.8%
the
96.8%
the
96.8%
the
96.8%
the
96.8%
the
96.8%
the
96.8%
the
96.8%
A
96.7%
a
96.7%
and
95.4%
and
95.4%
and
95.4%
and
95.4%
And
95.4%
and
95.4%
Christ
86.8%
Christ
86.8%
O
83.7%
O
83.7%
O
83.7%
O
83.7%
O
83.7%
O
83.7%
O
83.7%
O
83.7%
is
75.3%
is
75.3%
is
75.3%
is
75.3%
is
75.3%
Night
71.6%
night
71.6%
night
71.6%
night
71.6%
night
71.6%
Night
71.6%
night
71.6%
night
71.6%
night
71.6%
night
71.6%
Holy
69.4%
Holy
69.4%
holy
69.4%
Holy
69.4%
are
66.5%
of
65%
of
65%
of
65%
It
64.2%
born
61.8%
He
61.2%
% Correct
He
61.2%
he
61.2%
stars
61.2%
shining
60.5%
in
59.8%
in
59.8%
in
59.8%
brightly
59.5%
was
58.9%
our
57.3%
our
57.3%
our
57.3%
on
55.5%
we
55%
we
55%
birth.
53.9%
angel
53.2%
Savior's
51.7%
dear
51.2%
sin
48%
when
47.1%
world
46.4%
world
46.4%
divine
42.8%
divine
42.8%
divine
42.8%
to
41.9%
hear
40.6%
your
40.3%
Long
39.3%
Lord
39.1%
For
38.6%
for
38.6%
oh
37.4%
oh
37.4%
oh
37.4%
knees
36.4%
Fall
36.2%
voices
34.7%
lay
34.5%
new
32.4%
hope
30.8%
its
29.2%
pining
28.9%
rejoices
28.9%
glorious
28.4%
weary
28.1%
morn
27.4%
error
27.1%
yonder
27.1%
Till
26.7%
all
26.5%
% Correct
all
26.5%
worth
26.3%
thrill
26.1%
felt
25.9%
appeared
25.4%
soul
25.2%
love
25.2%
love
25.2%
joy
22.8%
break
22.2%
His
21.5%
His
21.5%
his
21.5%
His
21.5%
his
21.5%
His
21.5%
breaks
20.4%
us
16.3%
peace
14.2%
one
13.5%
name
11.8%
name
11.8%
name
11.8%
ever
11.2%
With
10.5%
shall
10.5%
shall
10.5%
praise
9.9%
praise
9.9%
another
8.6%
brother
8.2%
glory
7.6%
taught
7.4%
cease
6.8%
slave
6.8%
oppression
6.5%
Chains
6.5%
forever
6.4%
Truly
6.3%
Gospel
6.1%
Sweet
6%
law
5.2%
chorus
4.6%
hymns
4.5%
power
4.3%
more
4.3%
grateful
3.9%
raise
3.9%
hearts
2.9%
proclaim
2.7%

You're not logged in!

Compare scores with friends on all Sporcle quizzes.
Sign Up with Email
OR
Log In

You Might Also Like...

Show Comments

Extras

Top Quizzes Today


Score Distribution

Your Account Isn't Verified!

In order to create a playlist on Sporcle, you need to verify the email address you used during registration. Go to your Sporcle Settings to finish the process.

Report this User

Report this user for behavior that violates our Community Guidelines.

Details: